Quizzes
Events
Quiz Creation
Community
Videos
Private Events
Remove Ads
Sign In
Join for FREE
Feedback
Dark Mode
Quiz Categories
Sports
Geography
Music
Movies
Television
Just For Fun
Miscellaneous
History
Literature
Language
Science
Gaming
Entertainment
Religion
Holiday
For Kids
Quiz Lab
Recent
Popular Today
Quiz Kudos Today
Editor Picks
Curator Picks
Quizzes by...
Day
Popularity
Type
Ratings
Length
Year
Community
Subscriptions
Recent Discussions
Orange Saloon
Badges
Playlists
Quests
Create
Leaderboards
Showdown
Live 5
Trivia Bingo
Activity
Puzzle Library
Sporcle Events
Private Events
Virtual Trivia
Globe League
Become a Host
Pub Owners
SporcleCon
Opinionation
Our Games
Videos
Blog
Mobile Apps
Partnerships
Remove Ads and Go Orange
Feedback
Entertainment
Celebrity
Famous
Musical
Broadway
Show
Quote
Comic Books
Anime
Superhero
DC Comics
Marvel
Cartoons
Animation
Entertainment
Celebrity
Famous
Musical
Broadway
Show
Quote
Comic Books
Anime
Superhero
DC Comics
Marvel
Cartoons
Animation
Random Quiz
Search Sporcle
×
Quiz Lab
Quiz Lab
Entertainment
Movie Titles
Type in answers that appear in a list
Type in answers that appear in a list
Classic
Best Score? Go Orange.
Ann Sheridan Quiz Stats
Can you name the Ann Sheridan Quiz?
By
AvaRitaGrace
12m
80 Questions
16 Plays
16 Plays
16 Plays
Comments
Comments
Give Quiz Kudos
Give Quiz Kudos
-
- Ratings
hide this ad
Replay
Link that replays current quiz
Next Quiz
Link to next quiz in quiz playlist
You Got
0%
They Got
Avg Score
21%
Avg Friend Score
Upgrade to see
Score Distribution
Jump to the score distribution portion of the page
Score
0/80
Timer
12:00
0
Plays Today
Year
Movie
% Correct
1940
City for Conquest
87.5%
1942
Kings Row
87.5%
1942
The Man Who Came to Dinner
81.3%
1940
Torrid Zone
75%
1947
Nora Prentiss
68.8%
1949
I Was a Male War Bride
68.8%
1956
The Opposite Sex
68.8%
1938
Angels With Dirty Faces
62.5%
1939
Dodge City
62.5%
1943
Thank Your Lucky Stars
62.5%
1940
They Drive By Night
56.3%
1947
The Unfaithful
56.3%
1956
Come Next Spring
56.3%
1944
The Doughgirls
50%
1939
The Angels Wash Their Faces
43.8%
1943
Edge of Darkness
43.8%
1944
Shine On Harvest Moon
43.8%
1942
George Washington Slept Here
37.5%
1950
Woman on the Run
37.5%
1953
Take Me to Town
37.5%
1939
They Made Me a Criminal
31.3%
1948
Good Sam
31.3%
1937
San Quentin
25%
1950
Stella
25%
1940
Castle on the Hudson
18.8%
1940
It All Came True
18.8%
1941
Navy Blues
18.8%
1948
The Treasure of the Sierra Madre
18.8%
1953
Appointment in Honduras
18.8%
1934
Search for Beauty
12.5%
1937
Black Legion
12.5%
1938
The Patient in Room 18
12.5%
1938
Broadway Musketeers
12.5%
1939
Naughty But Nice
12.5%
1942
Juke Girl
12.5%
1946
One More Tomorrow
12.5%
1934
Bolero
6.3%
1934
Come on Marines
6.3%
1934
Murder at the Vanities
6.3%
1934
Kiss and Make-Up
6.3%
Year
Movie
% Correct
1934
The Notorious Sophie Lang
6.3%
1934
Ladies Should Listen
6.3%
1934
You Belong to Me
6.3%
1934
Wagon Wheels
6.3%
1934
The Lemon Drop Kid
6.3%
1934
Mrs. Wiggs of the Cabbage Patch
6.3%
1934
College Rhythm
6.3%
1934
Ready for Love
6.3%
1934
Behold My Wife
6.3%
1934
Limehouse Blues
6.3%
1934
One Hour Late
6.3%
1935
Enter Madame
6.3%
1935
Home on the Range
6.3%
1935
Rumba
6.3%
1935
Car 99
6.3%
1935
Rocky Mountain Mystery
6.3%
1935
Mississippi
6.3%
1935
The Red Blood of Courage
6.3%
1935
The Glass Key
6.3%
1935
The Crusades
6.3%
1935
Fighting Youth
6.3%
1937
The Great O'Malley
6.3%
1937
The Footloose Heiress
6.3%
1937
Wine, Women and Horses
6.3%
1937
Alcatraz Island
6.3%
1937
She Loved a Fireman
6.3%
1938
Mystery House
6.3%
1938
Little Miss Thoroughbred
6.3%
1938
Letter of Introduction
6.3%
1939
Indianapolis Speedway
6.3%
1941
Honeymoon for Three
6.3%
1942
Wings for the Eagle
6.3%
1948
Silver River
6.3%
1952
Steel Town
6.3%
1952
Just Across the Street
6.3%
1957
Woman and the Hunter
6.3%
1934
Shoot the Works
0%
1936
Sing Me a Love Song
0%
1938
Cowboy from Brooklyn
0%
1939
Winter Carnival
0%
Quiz Playlist
Details
Report
Send in Message
Add To Playlist
Classic:
Type in answers that appear in a list
Last Updated: Feb 16, 2017
Quiz Scoreboard
CHALLENGE
Sign Up to Join the Scoreboard
Show All
Scores
Hide
Comments
May contain spoilers
Recently Published
Billboard Blitz: Fleetwood Mac
by CooCooCachoo
Music
15s
Presidents Visiting Landmarks
by Hejman
History
7m
An Introduction to Baseball
by treessimontrees
Sports
5m
More to Explore
Quiz From the Vault
Featured Blog Post
Where Did the Easter Bunny Come From?
hide this ad
You Might Also Like...
Tags
Movie Titles Quiz
ann
Character
Today's Top Quizzes in Entertainment
Browse Entertainment
hide this ad
Today's Top Quizzes in Movie Titles
Browse Movie Titles
Top Contributed Quizzes in Entertainment
1
7-to-1: DC Comics Villains
2
Marvel Characters Bunker
3
Eurovision 2023 Logic Puzzle
4
Dragon Ball Z: Goku's Fights in Order
5
Kamen Rider Motifs
6
Criteria Quickie: Cartoon Taxonomy II
7
Sorting Pictures: Villains
8
Fictional Villains Letter U Blitz
9
Mini Trivia Sudoku: Musicals
10
Dragon Ball Z: Mega Character Search
Explore More
Trending Topics
Kpop
Anime
Crossword
Harry Potter
NBA
Marvel
Disney
Country
WWE
Pokémon
The Office
NFL
Song
Puzzle
Soccer
hide this ad
More By:
AvaRitaGrace
Quiz
Plays
Rating
Category
Featured
Created
Ann Sheridan Quiz
16
Entertainment
Nov 7, 2011
Go to Creator's Profile
Score Distribution
Quiz Creator Spotlight
AvaRitaGrace
Follow
Send a Message
Quizzes Created
-
Created Quiz Play Count
-
More By This Creator
Popular Quizzes Today
1
Find the US States - No Outlines Minefield
2
Find the Countries of Europe - No Outlines Minefield
3
The Countries of the World
4
Find the US States
5
Risky Map Clicking: Biggest States A-Z
6
US States
7
Popular People in 1961
8
Movies - When Are They Set?
More Entertainment Quizzes
Celebrity Time Lapse III
Published
Trending Quizzes
Risky Map Clicking: Least Populous States A-Z
1-10 Letter G Words
1-10 Letter F Words
Risky Map Clicking: Next State Alphabetically
Risky Map Clicking: Biggest States A-Z
Recently Updated
Leaping Animals
pecheneg
Reality TV Shows (A-Z)
bhenderson79
Rickey Henderson's Hall of Fame Teammates
pecheneg
Champions League XIs: Arsenal
pecheneg
Quick Pick: Celebrities in WWE's Hall of Fame
aduchscher
A-Z Keypad Blitz II
pecheneg
Multiple Oscar Actors
pecheneg
Mystery Phrase Blitz: Oscar 'Best Actors'
pecheneg
F. Scott Fitzgerald Novels
LTH
Pick 3 Villains
ddd62291
Trending Topics
Harry Potter
Marvel
Anime
NBA
Kpop
Crossword
Disney
Country
Puzzle
The Office
Song
NFL
WWE
Pokémon
Soccer
Your Account Isn't Verified!
In order to create a playlist on Sporcle, you need to verify the email address you used during registration. Go to your
Sporcle Settings
to finish the process.
Report this User
Report this user for behavior that violates our
Community Guidelines
.
Details:
Send Report
Go to the Sporcle.com Mobile Site →
Comments